00178nam a22000737a 4500003000400000245008300004260000900087300000800096SGT aINTERNATIONAL JOURNAL OF WIRELESS COMMUNICATIONS & NETWORK ING (JAN-DECEMBER)  c2014 a216